000 00765nam a22002297a 4500
005 20180616124523.0
010 _a1718EN-30 ENG-121719 B-686412-429
020 _a9788189766528
_c295.00
035 _aB-686412-429
035 _aEN-105251
037 _bStar Pub.
037 _bDBAD/PUB
082 _aN
100 _aNoor Zaheer
245 _aMy God is a woman /
_cby Noor Zaheer
260 _aDelhi
_bVitasta Publishing
_c2015
270 _a2/15, Ansari Road, Daryaganj
_bNew Delhi
_e110002
300 _a283p.
_c21cm(pbk)
500 _aIncludes Glossary
942 _2ddc
_cEN
_mNOO
_hN
999 _c145746
_d145746